Statistiken für US Allgemeinwissen

Klicken Sie hier um das Quiz zu spielen!

Allgemein

  • Dieses Quiz wurde 86 mal gespielt
  • Das Durchschnittsergebnis liegt bei 3 aus 15

Antwortstatistiken

FrageAntwort% Korrekt
Was für ein Tier war die Hauptfigur aus „Flipper“?Delfin
90%
Welches geheime „Gebiet“ in Nevada ist Spielstätte vieler UFO-bezogener Verschwörungstheorien?Area 51
57%
Als wer ist das Verbrecherduo Parker und Barrow besser bekannt?Bonnie und Clyde
44%
Wofür steht D.C. in Washington D.C.?District of Colombia
29%
Vervollständige den Satz: Kalifornien ist für Disneyland wie Florida für ...Disney World
24%
Wie lautet der Vorname von Will Smiths dummen Cousin in „Der Prinz von Bel-Air“?Carlton
13%
Welche Stadt ist die historische Heimat der Bierbrauer Miller, Pabst und Schlitz?Milwaukee
10%
Welcher Musikstil aus den 1930er-Jahren erlebte in den 1990er-Jahren mit Bands eine kurze Wiederbelebung
wie „Big Bad Voodoo Daddy“?
Swing
10%
Wenn George W. Bush angeklagt (und verurteilt) worden wäre, wer wäre Präsident geworden?Dick Cheney
5%
Wer ist die bekannteste Person mit dem Vornamen Orenthal?O. J. Simpson
5%
Welchem zukünftigen Präsidentschaftskandidaten wurde die Rettung der
olympischen Spiele 2002 in Salt Lake City zugeschrieben?
Mitt Romney
4%
Welcher Staat, in dem es um „Frei leben oder sterben“ geht, weist in den USA die niedrigste Autoanschnallquote auf?New Hampshire
4%
Wer hat einen Cousin namens Slowpoke Rodriguez?Speedy Gonzales
4%
Der Barbarenkrieg war der erste Krieg, den die Vereinigten Staaten im Ausland führten.
Nennen Sie eines der Länder, in denen dieser Krieg stattfand.
Algerien/Marokko/Libyen/Tunesien
3%
Welche Hochschulsportkonferenz hat 1990 ihr 11. Team hinzugefügt und wird bald 16 Teams haben?Big Ten
1%

Verteilung der Resultate

Perzentil nach korrekt beantworteten Fragen

Anzahl Personen mit jedem Resultat

Ihre Resultats-Entwicklung

Sie haben dieses Quiz noch nicht gespielt